More Honest Corporate Slogans Quiz Stats

Quiz Updated Aug 15, 2016

Challenge
Share
Tweet
Embed
Score 0/30 Timer 06:00
17 Plays Today
% Correct
Coffee-Mate
93.3%
Hallmark
90.6%
Kool-Aid
88.8%
WebMD
88.3%
CliffsNotes
88.1%
Hot Pockets
87%
Old Spice
86.5%
Perrier
86.4%
Slinky
86.3%
Twister
84.7%
Purell
84.5%
The North Face
83.6%
Maybelline
83.5%
Cosmopolitan
82.3%
JIF
80.8%
% Correct
Visine
78.4%
Mac
77.9%
Adobe Acrobat
76.8%
Hummer
76.7%
BuzzFeed
76.5%
Campbell's Soup
75.1%
Keystone Light
74%
Ritz
73.6%
Victoria's Secret
72.4%
Halls
70.5%
Wite-out
70.4%
Lego
69.7%
The Onion
68.4%
Leinenkugel's
67.2%
Hulu Plus
63.4%

You're not logged in!

Compare scores with friends on all Sporcle quizzes.
Sign Up with Email
OR
Log In

You Might Also Like...

Show Comments

Extras

Top Quizzes Today


Score Distribution

Your Account Isn't Verified!

In order to create a playlist on Sporcle, you need to verify the email address you used during registration. Go to your Sporcle Settings to finish the process.